000 00925nam a22003017a 4500
001 BR7300382
003 BR-BrBNA
005 20230928083839.0
007 ta
008 230509b bl.||||| |||| 00| 0 por d
040 _aBR-BrBNA
_bpor
_cBiblioteca Nacional de Agricultura
041 _a(Por)
072 _aE70
_b0120
_b0336
_b/G514
090 _ 0120 BR7300382
100 1 _aCrocomo, D.H.G.
110 1 _aEscola Superior de Agricultura Luiz de Queiroz, Piracicaba, SP (Brasil)
_0Dissertacao (Mestre)
245 1 _aOferta de milho e de soja: uma analise a partir de funcao de producao [Demanda; Sao Paulo; Brasil]
260 3 _aPiracicaba, SP (Brasil):
_c1974.
300 _a94 p.
500 _a6 graphs; 21 tables; 30 ref.; Summaries (Eng, Por)
650 _aMilho
650 _aSoja
650 _aOferta
650 _aDemanda
650 _aSao Paulo
909 _a202309
_bLucia
_c55
_dLucia Elande
942 _cBK
999 _c15502
_d15502